| 000 | 00573cam a22002177a 4500 | ||
|---|---|---|---|
| 001 | 000119 | ||
| 003 | armpunfd | ||
| 005 | 20140612090559.0 | ||
| 008 | 011019e1959####xx#a##########000#0#und#d | ||
| 040 |
_aarmpunfd _carmpunfd |
||
| 080 | _a340.11 M 914 | ||
| 100 | 1 | 0 | _a Zorraquin Becu, Ricardo |
| 245 | 1 | 0 | _aIntroduccion al derecho |
| 260 |
_a Buenos Aires _b Perrot _c1959 |
||
| 300 | _a316 p. | ||
| 650 | 7 |
_a Derecho _x Argentina _2LEMB |
|
| 650 | 7 |
_a Derecho _x Introduccion _2LEMB |
|
| 700 | 1 | 0 | _aMouchet, Carlos |
| 942 |
_cLB _2cdu |
||
| 945 |
_aCatalis _d2010-08-19 |
||
| 999 |
_c117 _d230621 |
||